Mortgage fraud probe (Record no. 16370)

MARC details
000 -LEADER
fixed length control field 00858cab a2200229 4500
001 - CONTROL NUMBER
control field WB3014-78
008 - FIXED-LENGTH DATA ELEMENTS--GENERAL INFORMATION
fixed length control field 090401t1994 xxu||||| |||| 00| 0 eng d
035 ## - SYSTEM CONTROL NUMBER
System control number (Sirsi) u24413
041 ## - LANGUAGE CODE
Language code of text/sound track or separate title eng
245 ## - TITLE STATEMENT
Title Mortgage fraud probe
260 ## - PUBLICATION, DISTRIBUTION, ETC.
Date of publication, distribution, etc. 1994
350 ## - PRICE (NR) (BK AM CF MU VM SE) [OBSOLETE]
Price 0
490 ## - SERIES STATEMENT
Series statement Observer
Volume/sequential designation 10 April 1994, 5
490 ## - SERIES STATEMENT
Series statement Daily Telegraph
Volume/sequential designation 11 April 1994, 26
490 ## - SERIES STATEMENT
Series statement Financial Times
Volume/sequential designation 11 April 1994, 9(3)
520 ## - SUMMARY, ETC.
Summary, etc. Scotland Yard is making arrests in what is described as Britain`s biggest ever mortgage fraud, involving property deals totalling more than £1bn and losses to the banks and building societies involved of up to £100m. Surveyors are among those arrested.
650 ## - SUBJECT ADDED ENTRY--TOPICAL TERM
Topical term or geographic name entry element ALBANY LIFE ASSURANCE
650 ## - SUBJECT ADDED ENTRY--TOPICAL TERM
Topical term or geographic name entry element MORTGAGE FRAUD
690 ## - LOCAL SUBJECT ADDED ENTRY--TOPICAL TERM (OCLC, RLIN)
Topical term or geographic name as entry element MANAGEMENT-BUSINESS MANAGEMENT-PROFESSIONAL PRACTICE
942 ## - ADDED ENTRY ELEMENTS (KOHA)
Suppress in OPAC 0
948 ## - LOCAL PROCESSING INFORMATION (OCLC); SERIES PART DESIGNATOR (RLIN)
c (OCLC) 04/03/1997
Holdings
Withdrawn status Lost status Source of classification or shelving scheme Damaged status Not for loan Home library Current library Shelving location Date acquired Total Checkouts Full call number Barcode Date last seen Copy number Price effective from Koha item type
    Dewey Decimal Classification     London London News article 14/09/1999   WB3014-78 24413-1001 06/08/2019 1 06/08/2019 News article